000 00520nam a2200181Ia 4500
003 GCL
008 140319s9999 xx 000 0 ara d
040 _aGCL /
_cGCL
082 0 4 _a811.9
_bع ا
100 1 _aعزت الحريرى
245 1 0 _aانا عايش (هدية من الاديب عبدالفتاح الجمل) /
_cعزت الحريرى
300 _a167 ص
490 _a
650 0 4 _aالشعر العربى
650 0 4 _aالادب العربى
650 0 4 _aالعصر الحديث
942 _2ddc
_cBK
999 _c40783
_d40783